Quizzes
Events
Quiz Creation
Community
Videos
Private Events
Remove Ads
Sign In
Join for FREE
Feedback
Dark Mode
Quiz Categories
Sports
Geography
Music
Movies
Television
Just For Fun
Miscellaneous
History
Literature
Language
Science
Gaming
Entertainment
Religion
Holiday
For Kids
Quiz Lab
Recent
Popular Today
Quiz Kudos Today
Editor Picks
Curator Picks
Quizzes by...
Day
Popularity
Type
Ratings
Length
Year
Community
Subscriptions
Recent Discussions
Orange Saloon
Badges
Playlists
Quests
Create
Leaderboards
Showdown
Live 5
Trivia Bingo
Activity
Puzzle Library
Sporcle Events
Private Events
Virtual Trivia
Globe League
Become a Host
Pub Owners
SporcleCon
Opinionation
Our Games
Videos
Blog
Mobile Apps
Partnerships
Remove Ads and Go Orange
Feedback
Television
TV Characters
TV Show
Sitcom
Network
Friends
Reality Shows
Cast
South Park
Star Trek
The Simpsons
Doctor Who
Television
TV Characters
TV Show
Sitcom
Network
Friends
Reality Shows
Cast
South Park
Star Trek
The Simpsons
Doctor Who
Random Quiz
Search Sporcle
×
Quiz Lab
Quiz Lab
Television
Brother
Type in answers that appear in a list
Type in answers that appear in a list
Classic
Best Score? Go Orange.
Can you name the Big Brother US players? Stats
Can you name the Can you name the Big Brother US players??
By
betared
7m
144 Questions
1,469 Plays
1,469 Plays
1,469 Plays
Comments
Comments
Give Quiz Kudos
Give Quiz Kudos
-
- Ratings
hide this ad
Replay
Link that replays current quiz
Next Quiz
Link to next quiz in quiz playlist
You Got
0%
They Got
Avg Score
65%
Avg Friend Score
Upgrade to see
Score Distribution
Jump to the score distribution portion of the page
Score
0/144
Timer
07:00
0
Plays Today
Seasons
% Correct
Season 10: Back to Basics
Dan
91.1%
Season 1:The Original
Jordan
88.4%
Season 11: High School
Jordan
88.4%
Season 3:Power of Veto
Danielle
87.6%
Season 8: America's Player
Danielle
87.6%
Season 2:New Game
Will
87.5%
Season 5: Project DNA
Will
87.5%
Season 2:New Game
Mike
86.6%
Season 5: Project DNA
Mike
86.6%
Season 6: Partners
Mike
86.6%
Season 8: America's Player
Mike
86.6%
Season 11: High School
Jeff
83.2%
Season 6: Partners
Janelle
83.1%
Season 6: Partners
Rachel
82.8%
Season 8: America's Player
Dick
82.4%
Season 12: Sabatoge!
Rachel
79.8%
Season 6: Partners
Eric
79.7%
Season 6: Partners
Jen
79.4%
Season 8: America's Player
Jen
79.4%
Season 9:Till Death do you part
Jen
79.4%
Season 3:Power of Veto
Eric
79%
Season 8: America's Player
Eric
79%
Season 5: Project DNA
Natalie
78.6%
Season 9:Till Death do you part
Natalie
78.6%
Season 11: High School
Natalie
78.6%
Season 6: Partners
James
78.3%
Season 9:Till Death do you part
James
78.3%
Season 10: Back to Basics
Jessie
75.4%
Season 11: High School
Jessie
75.4%
Season 9:Till Death do you part
Matt
75.1%
Season 5: Project DNA
Nakomis
75%
Season 4: X-
factor
Jun
74.2%
Season 12: Sabatoge!
Hayden
73.5%
Season 9:Till Death do you part
Adam
73.1%
Season 1:The Original
George
72.5%
Season 5: Project DNA
Cowboy
72%
Season 5: Project DNA
Drew
72%
Season 12: Sabatoge!
Matt
71.9%
Season 12: Sabatoge!
Brendon
71.3%
Season 4: X-
factor
Michelle
70.9%
Season 6: Partners
Howie
70.9%
Season 10: Back to Basics
Michelle
70.9%
Season 12: Sabatoge!
Britney
70.8%
Season 10: Back to Basics
Memphis
70%
Season 12: Sabatoge!
Enzo
70%
Season 6: Partners
April
69.9%
Season 10: Back to Basics
April
69.9%
Season 6: Partners
Kaysar
69.1%
Seasons
% Correct
Season 6: Partners
Maggie
69%
Season 4: X-
factor
Erika
68.8%
Season 11: High School
Kevin
68.6%
Season 3:Power of Veto
Lisa
68.4%
Season 12: Sabatoge!
Lane
68.3%
Season 1:The Original
Eddie
68.1%
Season 10: Back to Basics
Keesha
67.8%
Season 10: Back to Basics
Jerry
67.7%
Season 8: America's Player
Jessica
67.5%
Season 4: X-
factor
Alison
67.3%
Season 11: High School
Chima
67.3%
Season 6: Partners
Ivette
66.8%
Season 1:The Original
Josh
66.7%
Season 3:Power of Veto
Josh
66.7%
Season 9:Till Death do you part
Josh
66.7%
Season 5: Project DNA
Diane
66.2%
Season 10: Back to Basics
Renny
65.9%
Season 4: X-
factor
Amanda
65.7%
Season 9:Till Death do you part
Amanda
65.7%
Season 11: High School
Michele
65.6%
Season 12: Sabatoge!
Annie
65.1%
Season 11: High School
Lydia
65.1%
Season 11: High School
Russell
64.5%
Season 3:Power of Veto
Marcellas
64.4%
Season 8: America's Player
Joe
64.2%
Season 2:New Game
Nicole
63.9%
Season 8: America's Player
Zach
62.6%
Season 11: High School
Ronnie
62.5%
Season 5: Project DNA
Jase
62.4%
Season 9:Till Death do you part
Ryan
62.3%
Season 8: America's Player
Nick
61.9%
Season 2:New Game
Justin
61.7%
Season 4: X-
factor
Justin
61.7%
Season 6: Partners
Sarah
61.6%
Season 8: America's Player
Dustin
61.3%
Season 12: Sabatoge!
Ragan
61.2%
Season 2:New Game
Monica
61.1%
Season 8: America's Player
Jameka
60.8%
Season 10: Back to Basics
Ollie
60.8%
Season 9:Till Death do you part
Sheila
60.4%
Season 4: X-
factor
Jee
60.3%
Season 10: Back to Basics
Brian
59.9%
Season 12: Sabatoge!
Kristen
59.9%
Season 11: High School
Braden
59.8%
Season 11: High School
Laura
59.7%
Season 3:Power of Veto
Jason
59.6%
Season 2:New Game
Bunky
59.5%
Season 3:Power of Veto
Amy
59.5%
Seasons
% Correct
Season 2:New Game
Hardy
59.4%
Season 6: Partners
Beau
59.4%
Season 12: Sabatoge!
Andrew
58.9%
Season 8: America's Player
Amber
58.7%
Season 11: High School
Casey
58.4%
Season 6: Partners
Ashlea
58.2%
Season 10: Back to Basics
Libra
58.2%
Season 12: Sabatoge!
Monet
58.1%
Season 9:Till Death do you part
Sharon
58%
Season 8: America's Player
Kail
57.8%
Season 4: X-
factor
Scott
57.6%
Season 5: Project DNA
Scott
57.6%
Season 12: Sabatoge!
Kathy
57.4%
Season 8: America's Player
Carol
56.9%
Season 2:New Game
Shannon
56.8%
Season 9:Till Death do you part
Allison
56.8%
Season 1:The Original
Brittany
56.5%
Season 5: Project DNA
Adria
55.6%
Season 9:Till Death do you part
Chelsia
55.2%
Season 2:New Game
Krista
55.1%
Season 4: X-
factor
Robert
55%
Season 4: X-
factor
Jack
54.6%
Season 1:The Original
Karen
54.4%
Season 5: Project DNA
Karen
54.4%
Season 9:Till Death do you part
Parker
53.8%
Season 10: Back to Basics
Steven
53.5%
Season 9:Till Death do you part
Alex
53%
Season 10: Back to Basics
Angie
53%
Season 1:The Original
William
52.1%
Season 3:Power of Veto
Lori
52%
Season 5: Project DNA
Lori
52%
Season 3:Power of Veto
Roddy
51.6%
Season 4: X-
factor
David
51.3%
Season 2:New Game
Kent
51.1%
Season 5: Project DNA
Marvin
50.7%
Season 2:New Game
Autumn
50.5%
Season 4: X-
factor
Nathan
50.5%
Season 5: Project DNA
Holly
50.5%
Season 4: X-
factor
Dana
50.3%
Season 2:New Game
sheryl
50.1%
Season 3:Power of Veto
Chiara
49.5%
Season 3:Power of Veto
Gerry
49.5%
Season 9:Till Death do you part
Jacob
48.8%
Season 9:Till Death do you part
Neil
48.6%
Season 1:The Original
Cassandra
47.9%
Season 3:Power of Veto
Tonya
47.9%
Season 1:The Original
Curtis
47.8%
Season 1:The Original
Jamie
46.2%
Quiz Playlist
Details
Report
Send in Message
Add To Playlist
Classic:
Type in answers that appear in a list
Last Updated: Feb 16, 2017
Quiz Scoreboard
CHALLENGE
Sign Up to Join the Scoreboard
Show All
Scores
Hide
Comments
May contain spoilers
Recently Published
Billboard Blitz: Fleetwood Mac
by CooCooCachoo
Music
15s
Presidents Visiting Landmarks
by Hejman
History
7m
An Introduction to Baseball
by treessimontrees
Sports
5m
More to Explore
Quiz From the Vault
Featured Blog Post
Where Did the Easter Bunny Come From?
hide this ad
You Might Also Like...
Tags
Big Brother
Brother
Player
season
Today's Top Quizzes in Television
Browse Television
hide this ad
Today's Top Quizzes in Brother
Browse Brother
Top Contributed Quizzes in Television
1
5-to-1: The Simpsons Families
2
5-to-1: Television Doctors
3
7-to-1: TV Show Settings
4
One Piece Logic Puzzle
5
5-to-1: Streaming Originals
6
Survivor Seasons
7
Survivor Logic Puzzle: Heroes vs. Villains
8
TV Shows by First Names
9
Survivor Season by Logo
10
One Thing in Common: Television
Explore More
Trending Topics
Crossword
NBA
Anime
Kpop
Harry Potter
Disney
Marvel
WWE
The Office
Pokémon
Puzzle
NFL
Soccer
Country
Song
hide this ad
More By:
betared
Quiz
Plays
Rating
Category
Featured
Created
Earn Those Time Badges
7,076
3.29
Geography
Jan 7, 2018
Time badges
3,444
4.00
Geography
Dec 3, 2019
Can you name the Survivor Contestants 2
2,520
2.45
Television
Mar 7, 2010
Best director Oscar nominees 1980-2009
2,295
4.18
Movies
Apr 30, 2010
Earn Those Time Badges II
1,824
3.46
Literature
Aug 14, 2018
Go to Creator's Profile
Score Distribution
Quiz Creator Spotlight
betared
Follow
Send a Message
Quizzes Created
-
Created Quiz Play Count
-
More By This Creator
Popular Quizzes Today
1
Find the US States - No Outlines Minefield
2
Find the Countries of Europe - No Outlines Minefield
3
The Countries of the World
4
Find the US States
5
Popular People in 1961
6
US States
7
Risky Map Clicking: Biggest States A-Z
8
Movies - When Are They Set?
More Television Quizzes
LogiCrossword: Friends Characters
Quiz Lab
Trending Quizzes
Risky Map Clicking: Least Populous States A-Z
1-10 Letter G Words
1-10 Letter F Words
Risky Map Clicking: Next State Alphabetically
'A' Boys' Names Grid
Recently Updated
Leaping Animals
pecheneg
Reality TV Shows (A-Z)
bhenderson79
Rickey Henderson's Hall of Fame Teammates
pecheneg
Champions League XIs: Arsenal
pecheneg
Quick Pick: Celebrities in WWE's Hall of Fame
aduchscher
A-Z Keypad Blitz II
pecheneg
Multiple Oscar Actors
pecheneg
Mystery Phrase Blitz: Oscar 'Best Actors'
pecheneg
F. Scott Fitzgerald Novels
LTH
Pick 3 Villains
ddd62291
Trending Topics
Anime
NBA
Marvel
Kpop
Harry Potter
Crossword
Disney
Puzzle
Country
Pokémon
Song
WWE
Soccer
The Office
NFL
Your Account Isn't Verified!
In order to create a playlist on Sporcle, you need to verify the email address you used during registration. Go to your
Sporcle Settings
to finish the process.
Report this User
Report this user for behavior that violates our
Community Guidelines
.
Details:
Send Report
Go to the Sporcle.com Mobile Site →
Comments